Sens de l’écoulement des fleuves célèbres - Statistiques

Statistiques générales
  • Ce quiz a été pris 24 fois
  • Le résultat moyen est 15 sur 16
Statistiques - réponses
Fleuve Réponse % Correct
Danube Est
100%
Rhin Nord
100%
Seine Ouest
100%
Mississippi Sud
100%
Volga Sud
100%
Amazone Est
95%
Congo Ouest
95%
Mékong Sud
95%
Léna Nord
91%
Gange Sud
91%
Nil Nord
86%
Douro Ouest
86%
Loire Ouest
82%
Dniepr Sud
82%
Zambèze Est
77%
Yangtsé Est
73%
Aucun quiz correspondant
Distribution des résultats
% des personnes avec chaque résultat
Percentile par nombre de réponses
Votre historique - résultats
Vous n’avez pas pris ce quiz